Del mal el menos (Record no. 183762)
[ view plain ]
| 000 -LEADER | |
|---|---|
| campo de control de longitud fija | 00706nam a2200193 i 4500 |
| 001 - NÚMERO DE CONTROL | |
| campo de control | 183762 |
| 003 - IDENTIFICADOR DE NÚMERO DE CONTROL | |
| campo de control | ES-MaACL |
| 005 - FECHA Y HORA DE LA ÚLTIMA TRANSACCIÓN | |
| campo de control | 20231204180722.0 |
| 008 - DATOS DE LONGITUD FIJA--INFORMACIÓN GENERAL | |
| campo de control de longitud fija | 141010s1879 sp |||| | spa d |
| 100 1# - ENTRADA PRINCIPAL--NOMBRE DE PERSONA | |
| Nombre de persona | Vallejo, José Mariano, |
| Fechas asociadas al nombre | 1779-1846 |
| 9 (RLIN) | 139765 |
| 245 10 - MENCIÓN DEL TÍTULO | |
| Título | Del mal el menos |
| Resto del título | : folleto acerca del juego, y de la hoy necesaria derogación del art. 358 del código penal / |
| Mención de responsabilidad, etc. | por M. V. |
| 260 ## - PUBLICACIÓN, DISTRIBUCIÓN, ETC. | |
| Lugar de publicación, distribución, etc. | Madrid : |
| Nombre del editor, distribuidor, etc. | Diego Valero, |
| Fecha de publicación, distribución, etc. | 1879. |
| 300 ## - DESCRIPCIÓN FÍSICA | |
| Extensión | 55 p. ; |
| Dimensiones | 18 cm. |
| 530 ## - NOTA DISPONIBLE DE FORMULARIO FÍSICO ADICIONAL | |
| Nota de formato físico adicional disponible | Disponible en formato digital. |
| 650 04 - PUNTO DE ACCESO ADICIONAL DE MATERIA--TÉRMINO DE MATERIA | |
| Término de materia o nombre geográfico como elemento de entrada | Juego. |
| 9 (RLIN) | 14013 |
| 852 ## - LOCALIZACIÓN | |
| Ubicación | ES-MaACL |
| Número de control de estantería | T-300-F-2 |
| 856 41 - LOCALIZACIÓN Y ACCESO ELECTRÓNICOS | |
| Identificador Uniforme de Recursos | <a href="http://bdh-rd.bne.es/viewer.vm?id=0000083304&page=1 ">http://bdh-rd.bne.es/viewer.vm?id=0000083304&page=1 </a> |
| Nota pública | Biblioteca Digital Hispánica |
| Estatus retirado | Estado de pérdida | Estado de daño | No para préstamo | Colección | Biblioteca de origen | Biblioteca actual | Ubicación en estantería | Fecha de adquisición | Fuente de adquisición | Total de préstamos | Signatura topográfica completa | Código de barras | Visto por última vez | Precio de reemplazo | Tipo de ítem Koha |
|---|---|---|---|---|---|---|---|---|---|---|---|---|---|---|---|
| Colección de folletos | Biblioteca del Ateneo de Madrid | Biblioteca del Ateneo de Madrid | Depósito folletos | 10/10/2014 | T-300-F-2 | 1193203 | 23/02/2023 | 23/02/2023 | Folleto |
